Normal view
MARC view
- Zaid Hamzah
Entry Personal Name
001 - CONTROL NUMBER
- control field: 6912
003 - CONTROL NUMBER IDENTIFIER
- control field: OSt
005 - DATE AND TIME OF LATEST TRANSACTION
- control field: 20170523084509.0
008 - FIXED-LENGTH DATA ELEMENTS
- fixed length control field: 170523|| aca||aabn | a|a d
040 ## - CATALOGING SOURCE
- Original cataloging agency: OSt
- Transcribing agency: OSt
100 ## - HEADING--PERSONAL NAME
- Personal name: Zaid Hamzah
670 ## - SOURCE DATA FOUND
- Source citation: Work cat.: (OSt)0: Zaid Hamzah, Creating value from technology innovation :, [200?]

PORTAL AKMAL
E-MEL JKDM
AKMAL2U
G-BAM
u-PUSTAKA